LEADER 02297oam 2200529M 450 001 9910715638703321 005 20191121064239.1 035 $a(CKB)5470000002513679 035 $a(OCoLC)1065747457 035 $a(OCoLC)995470000002513679 035 $a(EXLCZ)995470000002513679 100 $a20070221d1840 ua 0 101 0 $aeng 135 $aurcn||||||||| 181 $ctxt$2rdacontent 182 $cc$2rdamedia 183 $acr$2rdacarrier 200 10$aCommerce with China. Message from the President of the United States, transmitting the information required by the resolution of the House of Representatives of the 23rd instant, in relation to the commerce of the United States with China, &c. December 31, 1840. Referred to the Committee on Foreign Affairs 210 1$a[Washington, D.C.] :$c[publisher not identified],$d1840. 215 $a1 online resource (4 pages) 225 1 $aHouse document / 26th Congress, 2nd session. House ;$vno. 34 225 1 $a[United States congressional serial set ] ;$v[serial no. 383] 300 $aBatch processed record: Metadata reviewed, not verified. Some fields updated by batch processes. 300 $aFDLP item number not assigned. 606 $aBlockade 606 $aForeign trade promotion 606 $aForeign trade and employment 606 $aMerchant ships 606 $aNeutrality 607 $aChina$xHistory$yOpium War, 1840-1842 608 $aLegislative materials.$2lcgft 615 0$aBlockade. 615 0$aForeign trade promotion. 615 0$aForeign trade and employment. 615 0$aMerchant ships. 615 0$aNeutrality. 701 $aVan Buren$b Martin$f1782-1862.$01386907 712 02$aUnited States.$bPresident (1837-1841 : Van Buren) 712 02$aUnited States.$bDepartment of State. 801 0$bWYU 801 1$bWYU 801 2$bOCLCO 801 2$bOCLCQ 906 $aBOOK 912 $a9910715638703321 996 $aCommerce with China. Message from the President of the United States, transmitting the information required by the resolution of the House of Representatives of the 23rd instant, in relation to the commerce of the United States with China, &c. December 31, 1840. Referred to the Committee on Foreign Affairs$93466735 997 $aUNINA LEADER 00999nam0-2200277 --450 001 9910740394703321 005 20230914113853.0 010 $a978-88-99211-30-1 100 $a20230914d2018----kmuy0itay5050 ba 101 0 $aita 102 $aIT 105 $aa 001yy 200 1 $aAllergeni: una linea guida per le imprese alimentari$emanuale per gli operatori del settore agroalimentare sulle modalità di indicazione degli allergeni$esomministrazione, vendita e ristorazione$fa cura di Corrado Finardi$gautori: Luca Bucchini ... [et al.] 210 $aMilano$cPVI$d2018 215 $a134 p.$cill.$d21 cm 610 0 $aAllergeni 676 $a344.404232$v23$zita 702 1$aBucchini,$bLuca 702 1$aFinardi,$bCorrado$c 801 0$aIT$bUNINA$gREICAT$2UNIMARC 901 $aBK 912 $a9910740394703321 952 $a60 344.404 FINC 2018$b159/2023$fFAGBC 959 $aFAGBC 996 $aAllergeni: una linea guida per le imprese alimentari$93553162 997 $aUNINA